[Event "PAR-ch Mayor"]
[Site "Asuncion"]
[Date "1998.06.12"]
[Round "2"]
[White "Cubas, Jose Fernando"]
[Black "Valiente, Cristobal"]
[Result "1/2-1/2"]
[WhiteElo "2165"]
[BlackElo "2400"]
[PlyCount "69"]
[EventDate "1998.06.11"]
[EventType "swiss"]
[EventRounds "11"]
[EventCountry "PAR"]
[SourceTitle "EXT 2002"]
[Source "ChessBase"]
[SourceDate "2001.11.25"]
[SourceVersion "1"]
[SourceVersionDate "2001.11.25"]
[SourceQuality "1"]

1. e4 c6 2. d4 d5 3. Nd2 dxe4 4. Nxe4 Nf6 5. Nxf6+ gxf6 6. Bc4 Bf5 7. Ne2 e6 8.
Ng3 Bg6 9. h4 h5 10. Bf4 Nd7 11. Be2 Qa5+ 12. c3 Nb6 13. b4 Qa4 14. Qb3 Qxb3
15. axb3 a6 16. O-O Nd5 17. Bd2 Rd8 18. f4 Bd6 19. Ra4 Bc7 20. Ra2 Ne7 21. Bf3
Kf8 22. Re1 Nd5 23. Ne2 Kg7 24. c4 Ne7 25. Bc3 Rd7 26. g3 Bd3 27. Rd2 Bxe2 28.
Bxe2 Nf5 29. Kf2 Bb6 30. Red1 Kh6 31. c5 Bd8 32. g4 hxg4 33. Bxg4 Ne7 34. f5
exf5 35. Bh3 1/2-1/2

[Event "PAR-ch Mayor"]
[Site "Asuncion"]
[Date "1998.06.13"]
[Round "4"]
[White "Cubas, Jose Fernando"]
[Black "Curatola, Clemente"]
[Result "1-0"]
[WhiteElo "2160"]
[BlackElo "2220"]
[PlyCount "53"]
[EventDate "1998.06.11"]
[EventType "swiss"]
[EventRounds "11"]
[EventCountry "PAR"]
[SourceTitle "EXT 2002"]
[Source "ChessBase"]
[SourceDate "2001.11.25"]
[SourceVersion "1"]
[SourceVersionDate "2001.11.25"]
[SourceQuality "1"]

1. e4 c6 2. d4 d5 3. Nd2 dxe4 4. Nxe4 Nf6 5. Nxf6+ exf6 6. c3 Bd6 7. Bd3 Qc7 8.
Qc2 Be6 9. Ne2 Nd7 10. c4 c5 11. d5 Bg4 12. Be3 Ne5 13. h3 Bd7 14. f4 Ng6 15.
O-O O-O-O 16. Rae1 Rde8 17. Qd2 Re7 18. a3 Rhe8 19. Bxg6 hxg6 20. Nc3 g5 21.
fxg5 Bg3 22. Re2 fxg5 23. Bxg5 Bh2+ 24. Kh1 Rxe2 25. Nxe2 f6 26. Be3 Qe5 27.
Rf3 1-0

[Event "PAR-ch Mayor"]
[Site "Asuncion"]
[Date "1998.06.13"]
[Round "5"]
[White "Santacruz, Cesar S"]
[Black "Cubas, Jose Fernando"]
[Result "1/2-1/2"]
[WhiteElo "2320"]
[BlackElo "2160"]
[PlyCount "31"]
[EventDate "1998.06.11"]
[EventType "swiss"]
[EventRounds "11"]
[EventCountry "PAR"]
[SourceTitle "EXT 2002"]
[Source "ChessBase"]
[SourceDate "2001.11.25"]
[SourceVersion "1"]
[SourceVersionDate "2001.11.25"]
[SourceQuality "1"]

1. e4 c5 2. Nf3 d6 3. d4 cxd4 4. Nxd4 Nf6 5. Nc3 a6 6. Bg5 e6 7. f4 Bd7 8. Qf3
Nc6 9. O-O-O Be7 10. Be2 Qa5 11. Nb3 Qc7 12. Rd2 b5 13. a3 Rc8 14. Rhd1 Na5 15.
Nxa5 Qxa5 16. Kb1 1/2-1/2

[Event "PAR-ch Mayor"]
[Site "Asuncion"]
[Date "1998.06.14"]
[Round "6"]
[White "Gamarra Caceres, Carlos"]
[Black "Cubas, Jose Fernando"]
[Result "1-0"]
[WhiteElo "2335"]
[BlackElo "2155"]
[PlyCount "43"]
[EventDate "1998.06.11"]
[EventType "swiss"]
[EventRounds "11"]
[EventCountry "PAR"]
[SourceTitle "EXT 2002"]
[Source "ChessBase"]
[SourceDate "2001.11.25"]
[SourceVersion "1"]
[SourceVersionDate "2001.11.25"]
[SourceQuality "1"]

1. d4 d5 2. c4 e6 3. Nc3 Nf6 4. cxd5 exd5 5. Bg5 Be7 6. Qc2 O-O 7. e3 Nbd7 8.
Bd3 Re8 9. Nf3 c6 10. h3 Nf8 11. O-O a5 12. Rab1 Ne4 13. Bf4 Nxc3 14. bxc3 Ng6
15. Ne5 Kf8 16. Bh2 Nxe5 17. dxe5 h6 18. f4 Bc5 19. Rf3 b5 20. f5 f6 21. e6 Qb6
22. Bf4 {Notacion imprecisa} 1-0

[Event "PAR-ch Mayor"]
[Site "Asuncion"]
[Date "1998.06.20"]
[Round "9"]
[White "Ferreira, Oscar"]
[Black "Cubas, Jose Fernando"]
[Result "0-1"]
[WhiteElo "2290"]
[BlackElo "2150"]
[PlyCount "56"]
[EventDate "1998.06.11"]
[EventType "swiss"]
[EventRounds "11"]
[EventCountry "PAR"]
[SourceTitle "EXT 2002"]
[Source "ChessBase"]
[SourceDate "2001.11.25"]
[SourceVersion "1"]
[SourceVersionDate "2001.11.25"]
[SourceQuality "1"]

1. c4 e6 2. Nc3 d5 3. d4 Nf6 4. Nf3 c6 5. cxd5 exd5 6. Bg5 Be7 7. e3 O-O 8. Bd3
Nbd7 9. Qc2 Re8 10. h3 Nf8 11. O-O g6 12. Rab1 a5 13. a3 Ne6 14. Bh6 Ng7 15. b4
axb4 16. axb4 Bf5 17. b5 Bxd3 18. Qxd3 Ra3 19. Qc2 Qa5 20. Rb3 Rc8 21. Rxa3
Bxa3 22. Qd3 Bb4 23. Ne2 Bd6 24. Rc1 Ne4 25. bxc6 bxc6 26. Bxg7 Kxg7 27. g3 Rb8
28. Qc2 Qa3 {Notacion imprecisa} 0-1

[Event "PAR-ch Mayor"]
[Site "Asuncion"]
[Date "1998.06.21"]
[Round "10"]
[White "Cubas, Jose Fernando"]
[Black "Figari, Esteban"]
[Result "1-0"]
[WhiteElo "2150"]
[BlackElo "2065"]
[PlyCount "93"]
[EventDate "1998.06.11"]
[EventType "swiss"]
[EventRounds "11"]
[EventCountry "PAR"]
[SourceTitle "EXT 2002"]
[Source "ChessBase"]
[SourceDate "2001.11.25"]
[SourceVersion "1"]
[SourceVersionDate "2001.11.25"]
[SourceQuality "1"]

1. e4 c5 2. Nc3 e6 3. f4 Nc6 4. Nf3 Nge7 5. Bb5 a6 6. Bxc6 Nxc6 7. O-O d5 8. d3
Be7 9. e5 b5 10. Qe1 O-O 11. Qg3 f6 12. Bd2 f5 13. Qf2 Bb7 14. h3 Rc8 15. Rac1
Qd7 16. Kh1 Kh8 17. d4 cxd4 18. Ne2 Bc5 19. b3 d3 20. Qxc5 dxe2 21. Rfe1 Rfd8
22. Rxe2 d4 23. Qa3 Ne7 24. Ng5 Kg8 25. Ba5 Nd5 26. Bxd8 Rxd8 27. Rf2 h6 28.
Nf3 Nxf4 29. Rd1 Bxf3 30. Rxf3 g5 31. Qc5 Qd5 32. Qxd5 Rxd5 33. h4 b4 34. hxg5
hxg5 35. Rd2 Rxe5 36. Rxd4 Nd5 37. a3 bxa3 38. Ra4 Re1+ 39. Kh2 Ra1 40. b4 a2
41. Rfa3 Rc1 42. Rxa2 Nc3 43. Ra1 Rxc2 44. Rxa6 Re2 45. Ra7 Rd2 46. Rc7 Na2 47.
b5 1-0

[Event "PAR-ch Mayor"]
[Site "Asuncion"]
[Date "1998.06.21"]
[Round "11"]
[White "Patriarca, Luis"]
[Black "Cubas, Jose Fernando"]
[Result "1/2-1/2"]
[WhiteElo "2295"]
[BlackElo "2150"]
[PlyCount "22"]
[EventDate "1998.06.11"]
[EventType "swiss"]
[EventRounds "11"]
[EventCountry "PAR"]
[SourceTitle "EXT 2002"]
[Source "ChessBase"]
[SourceDate "2001.11.25"]
[SourceVersion "1"]
[SourceVersionDate "2001.11.25"]
[SourceQuality "1"]

1. d4 d5 2. c4 e6 3. Nc3 Nf6 4. Bg5 Be7 5. Nf3 Nbd7 6. e3 b6 7. cxd5 exd5 8.
Bd3 O-O 9. Qc2 Re8 10. O-O Nf8 11. Rab1 a5 1/2-1/2

[Event "Curitiba"]
[Site "Curitiba"]
[Date "1999.05.17"]
[Round "2"]
[White "Miranda, Marcio MC"]
[Black "Cubas, Jose Fernando"]
[Result "0-1"]
[WhiteElo "2285"]
[BlackElo "2198"]
[PlyCount "76"]
[EventDate "1999.05.??"]
[EventType "tourn"]
[EventRounds "11"]
[EventCountry "BRA"]
[EventCategory "2"]
[SourceTitle "CBM 070 Extra"]
[Source "ChessBase"]
[SourceDate "1999.07.10"]
[SourceVersion "1"]
[SourceVersionDate "1999.07.10"]
[SourceQuality "1"]

1. d4 d5 2. c4 c6 3. cxd5 cxd5 4. Nc3 Nf6 5. Bf4 Nc6 6. e3 a6 7. Bd3 Bg4 8.
Nge2 e6 9. Rc1 Bd6 10. f3 Bh5 11. Qd2 Bg6 12. Bxd6 Qxd6 13. Nf4 O-O 14. O-O
Rfe8 15. Nxg6 hxg6 16. f4 b5 17. h3 Ra7 18. Bxb5 axb5 19. Nxb5 Qb8 20. Nxa7
Nxa7 21. Qa5 Nc8 22. b3 Ne4 23. Rc2 Ncd6 24. g4 Re7 25. Rfc1 Ra7 26. Qe1 g5 27.
fxg5 Nxg5 28. Qg3 Qb4 29. h4 Nge4 30. Qf4 Qb6 31. Qe5 Qd8 32. g5 Qe8 33. Qf4 f6
34. gxf6 Rf7 35. Rg2 Rxf6 36. Qg4 Qf7 37. Kh2 Nf5 38. Rcg1 Rh6 0-1

[Event "Curitiba"]
[Site "Curitiba"]
[Date "1999.05.17"]
[Round "3"]
[White "Cubas, Jose Fernando"]
[Black "Achutti, Andre"]
[Result "1-0"]
[WhiteElo "2198"]
[BlackElo "2044"]
[PlyCount "74"]
[EventDate "1999.05.??"]
[EventType "tourn"]
[EventRounds "11"]
[EventCountry "BRA"]
[EventCategory "2"]
[SourceTitle "CBM 070 Extra"]
[Source "ChessBase"]
[SourceDate "1999.07.10"]
[SourceVersion "1"]
[SourceVersionDate "1999.07.10"]
[SourceQuality "1"]

1. e4 c5 2. f4 d5 3. Nc3 d4 4. Nce2 e5 5. d3 Nc6 6. Nf3 Bd6 7. g3 Nge7 8. Bg2
Bd7 9. O-O b5 10. fxe5 Nxe5 11. Nxe5 Bxe5 12. Bf4 Ng6 13. Qd2 O-O 14. Kh1 Qc8
15. c3 dxc3 16. bxc3 Bg4 17. d4 Bxe2 18. Qxe2 cxd4 19. Bxe5 d3 20. Qh5 Qc5 21.
Rf5 Nxe5 22. Rxe5 Qxc3 23. Rd1 g6 24. Qg5 h6 25. Qf4 Rfc8 26. h4 Qb2 27. Rd5
Rc2 28. Qf3 Rf2 29. Qxd3 Rxg2 30. Rd2 Rxd2 31. Qxd2 Qxd2 32. Rxd2 Rc8 33. Kg2
Rc4 34. Kf3 Kg7 35. Rb2 a6 36. a4 Rc5 37. axb5 axb5 1-0

[Event "Curitiba"]
[Site "Curitiba"]
[Date "1999.05.18"]
[Round "4"]
[White "De Souza, Mauro Guimaraes"]
[Black "Cubas, Jose Fernando"]
[Result "1-0"]
[WhiteElo "2369"]
[BlackElo "2198"]
[PlyCount "109"]
[EventDate "1999.05.??"]
[EventType "tourn"]
[EventRounds "11"]
[EventCountry "BRA"]
[EventCategory "2"]
[SourceTitle "CBM 070 Extra"]
[Source "ChessBase"]
[SourceDate "1999.07.10"]
[SourceVersion "1"]
[SourceVersionDate "1999.07.10"]
[SourceQuality "1"]

1. d4 d5 2. c4 c6 3. Nc3 Nf6 4. Nf3 dxc4 5. a4 Bf5 6. e3 e6 7. Bxc4 Bb4 8. O-O
O-O 9. Qb3 Qb6 10. Bd2 Nbd7 11. Rfd1 Rad8 12. h3 a5 13. Nh4 Qc7 14. Rac1 Nb6
15. Be2 Qe7 16. Be1 Nbd5 17. Nf3 Rfe8 18. Ne5 Nd7 19. Nd3 Qg5 20. Kh1 Bd6 21.
Bf1 Nxc3 22. Bxc3 Nf6 23. Be1 Ne4 24. Nc5 Qe7 25. Nxe4 Bxe4 26. f3 Bd5 27. Bc4
Bc7 28. Bf2 Qd6 29. Bg1 f5 30. Qc2 Bxc4 31. Qxc4 Qd5 32. Qc2 Bb8 33. e4 Qd7 34.
Qc5 Bd6 35. Qc4 Kh8 36. Rc3 Bb4 37. Rcd3 Qe7 38. Qc2 Qh4 39. Qe2 h6 40. Rb3 Qf6
41. Rbd3 Qf7 42. Bh2 Rd7 43. Be5 f4 44. Qf2 Red8 45. Qh4 Bd6 46. Qxh6+ Kg8 47.
Qg5 Bxe5 48. Qxe5 Qf6 49. Qc5 Qe7 50. Qxa5 c5 51. d5 b6 52. Qxb6 exd5 53. exd5
Rxd5 54. Rxd5 Rxd5 55. Qb3 1-0

[Event "Curitiba"]
[Site "Curitiba"]
[Date "1999.05.19"]
[Round "5"]
[White "Cubas, Jose Fernando"]
[Black "Chemin, Vitorio"]
[Result "0-1"]
[WhiteElo "2198"]
[BlackElo "2280"]
[PlyCount "54"]
[EventDate "1999.05.??"]
[EventType "tourn"]
[EventRounds "11"]
[EventCountry "BRA"]
[EventCategory "2"]
[SourceTitle "CBM 070 Extra"]
[Source "ChessBase"]
[SourceDate "1999.07.10"]
[SourceVersion "1"]
[SourceVersionDate "1999.07.10"]
[SourceQuality "1"]

1. e4 c5 2. Nf3 Nc6 3. d4 cxd4 4. Nxd4 Nf6 5. Nc3 d6 6. Be2 e5 7. Nb3 Be7 8.
O-O a5 9. a4 Be6 10. Bg5 O-O 11. Qd2 Nb4 12. Rfd1 h6 13. Be3 Rc8 14. Rac1 Rxc3
15. Qxc3 Nxe4 16. Qe1 Nxc2 17. Rxc2 Bxb3 18. Rcc1 Bxd1 19. Rxd1 d5 20. Bc4 Bb4
21. Qe2 Nf6 22. Qf3 d4 23. Qg3 Qc7 24. Bxh6 Nh5 25. Qg4 Qxc4 26. Qxh5 gxh6 27.
Qxe5 d3 0-1

[Event "Curitiba"]
[Site "Curitiba"]
[Date "1999.05.20"]
[Round "7"]
[White "Cubas, Jose Fernando"]
[Black "Limp, Eduardo Thelio"]
[Result "1-0"]
[WhiteElo "2198"]
[BlackElo "2409"]
[PlyCount "58"]
[EventDate "1999.05.??"]
[EventType "tourn"]
[EventRounds "11"]
[EventCountry "BRA"]
[EventCategory "2"]
[SourceTitle "CBM 070 Extra"]
[Source "ChessBase"]
[SourceDate "1999.07.10"]
[SourceVersion "1"]
[SourceVersionDate "1999.07.10"]
[SourceQuality "1"]

1. e4 c5 2. Nc3 Nc6 3. f4 g6 4. Nf3 Bg7 5. Bb5 d6 6. Bxc6+ bxc6 7. O-O Bg4 8.
h3 Bd4+ 9. Kh1 h5 10. Ne2 e6 11. c3 Bg7 12. d3 Bxf3 13. Rxf3 Ne7 14. Be3 Qb8
15. Rb1 a5 16. Bf2 a4 17. Bh4 Qa7 18. f5 exf5 19. Qf1 O-O 20. Bxe7 Qxe7 21.
exf5 Bh6 22. Nf4 Bxf4 23. Rxf4 Qg5 24. Qf3 Rfb8 25. Rf1 d5 26. fxg6 fxg6 27.
Qe3 Qh6 28. Qe6+ Kh8 29. Qxc6 Rd8 1-0

[Event "Curitiba"]
[Site "Curitiba"]
[Date "1999.05.21"]
[Round "8"]
[White "Cubas, Jose Fernando"]
[Black "Dos Santos, Haroldo Cunha Jr"]
[Result "0-1"]
[WhiteElo "2198"]
[BlackElo "2275"]
[PlyCount "76"]
[EventDate "1999.05.??"]
[EventType "tourn"]
[EventRounds "11"]
[EventCountry "BRA"]
[EventCategory "2"]
[SourceTitle "CBM 070 Extra"]
[Source "ChessBase"]
[SourceDate "1999.07.10"]
[SourceVersion "1"]
[SourceVersionDate "1999.07.10"]
[SourceQuality "1"]

1. e4 e5 2. Nf3 Nc6 3. Bc4 Bc5 4. c3 Qe7 5. Qe2 d6 6. d3 f5 7. a4 a6 8. Bxg8
Rxg8 9. Be3 f4 10. Bxc5 dxc5 11. Na3 Bg4 12. h3 Bh5 13. g4 Bf7 14. Nc4 O-O-O
15. Rd1 Rd7 16. Qc2 Rgd8 17. Ke2 Rxd3 18. Rxd3 Bxc4 19. Rhd1 Qe6 20. Ke1 Bxd3
21. Rxd3 Rxd3 22. Qxd3 Qb3 23. Qd5 Qxb2 24. Qg8+ Nd8 25. Qxg7 Qxc3+ 26. Nd2 f3
27. Kd1 Qa1+ 28. Kc2 Qxa4+ 29. Kc1 Qa1+ 30. Kc2 b5 31. Qxh7 Nc6 32. Qg8+ Kb7
33. Qd5 c4 34. Nb1 Kb6 35. Qe6 Qa2+ 36. Kc1 Qxf2 37. Nc3 Qe3+ 38. Kc2 Qd3+ 0-1

[Event "Curitiba"]
[Site "Curitiba"]
[Date "1999.05.21"]
[Round "9"]
[White "Tsuboi, Edson Kenji"]
[Black "Cubas, Jose Fernando"]
[Result "1-0"]
[WhiteElo "2330"]
[BlackElo "2198"]
[PlyCount "76"]
[EventDate "1999.05.??"]
[EventType "tourn"]
[EventRounds "11"]
[EventCountry "BRA"]
[EventCategory "2"]
[SourceTitle "CBM 070 Extra"]
[Source "ChessBase"]
[SourceDate "1999.07.10"]
[SourceVersion "1"]
[SourceVersionDate "1999.07.10"]
[SourceQuality "1"]

1. e4 c5 2. Nf3 d6 3. c3 Nf6 4. Bd3 Nc6 5. Bc2 Bg4 6. d3 g6 7. Nbd2 Bg7 8. h3
Bxf3 9. Nxf3 O-O 10. O-O Rc8 11. Be3 a6 12. Qd2 Qc7 13. Rac1 Rfd8 14. Qe2 Qb8
15. Ng5 h6 16. Nf3 b6 17. Rfe1 d5 18. Bd2 e5 19. a3 dxe4 20. dxe4 b5 21. Be3 c4
22. a4 Kh7 23. b3 cxb3 24. Bxb3 Rd7 25. axb5 axb5 26. Red1 Rcd8 27. Rxd7 Rxd7
28. Nd2 Na5 29. Ba2 b4 30. Rb1 b3 31. Nxb3 Nxe4 32. Nxa5 Qd8 33. Nc6 Qa8 34.
Qc4 Nd2 35. Bxd2 Rxd2 36. Bb3 Rd7 37. Bc2 Rc7 38. Be4 f5 1-0

[Event "Curitiba"]
[Site "Curitiba"]
[Date "1999.05.23"]
[Round "11"]
[White "Pereira, Silvio Cunha"]
[Black "Cubas, Jose Fernando"]
[Result "0-1"]
[WhiteElo "2287"]
[BlackElo "2198"]
[PlyCount "57"]
[EventDate "1999.05.??"]
[EventType "tourn"]
[EventRounds "11"]
[EventCountry "BRA"]
[EventCategory "2"]
[SourceTitle "CBM 070 Extra"]
[Source "ChessBase"]
[SourceDate "1999.07.10"]
[SourceVersion "1"]
[SourceVersionDate "1999.07.10"]
[SourceQuality "1"]

1. e4 c5 2. Nf3 d6 3. d4 cxd4 4. Qxd4 a6 5. c4 Nc6 6. Qd2 g6 7. b3 Bg7 8. Nc3
Nf6 9. Bb2 O-O 10. Be2 Qa5 11. Rb1 Bg4 12. O-O Nd7 13. h3 Bxf3 14. Bxf3 Rfd8
15. a3 e6 16. Kh1 Rac8 17. b4 Qc7 18. Be2 Nd4 19. Nd5 exd5 20. Bxd4 dxc4 21.
Bxg7 Kxg7 22. f4 Re8 23. Qd4+ Kg8 24. Rbd1 c3 25. Bd3 Qb6 26. Bc2 Qxd4 27. Rxd4
Nb6 28. Rc1 Nc4 29. Ba4 0-1

[Event "PAR-ch Mayor"]
[Site "Asuncion"]
[Date "1999.09.12"]
[Round "2"]
[White "Cubas, Jose Fernando"]
[Black "Valiente, Cristobal"]
[Result "1/2-1/2"]
[WhiteElo "2198"]
[BlackElo "2384"]
[PlyCount "44"]
[EventDate "1999.09.??"]
[EventType "swiss"]
[EventRounds "11"]
[EventCountry "PAR"]
[SourceTitle "EXT 2001"]
[Source "ChessBase"]
[SourceDate "2000.11.22"]
[SourceVersion "1"]
[SourceVersionDate "2000.11.22"]
[SourceQuality "1"]

1. e4 e6 2. d4 d5 3. Nc3 dxe4 4. Nxe4 Nd7 5. Nf3 Ngf6 6. Bg5 Be7 7. Bxf6 Nxf6
8. Bd3 O-O 9. Qe2 Bd7 10. Ne5 Bc6 11. Nxc6 bxc6 12. c3 Qd5 13. O-O a5 14. Nxf6+
Bxf6 15. Be4 Qd6 16. Rab1 Rfb8 17. Rfd1 Rb6 18. Rd3 g6 19. b3 Rab8 20. Rbd1 c5
21. dxc5 Qxc5 22. Qf3 Kg7 1/2-1/2

[Event "PAR-ch Mayor"]
[Site "Asuncion"]
[Date "1999.09.12"]
[Round "3"]
[White "Patriarca, Luis"]
[Black "Cubas, Jose Fernando"]
[Result "1/2-1/2"]
[WhiteElo "2302"]
[BlackElo "2198"]
[PlyCount "122"]
[EventDate "1999.09.??"]
[EventType "swiss"]
[EventRounds "11"]
[EventCountry "PAR"]
[SourceTitle "EXT 2001"]
[Source "ChessBase"]
[SourceDate "2000.11.22"]
[SourceVersion "1"]
[SourceVersionDate "2000.11.22"]
[SourceQuality "1"]

1. d4 d5 2. c4 c6 3. Nc3 Nf6 4. Bg5 dxc4 5. a4 Nd5 6. e4 Nxc3 7. bxc3 b5 8. Nf3
Bb7 9. Qb1 Qb6 10. Be3 Nd7 11. d5 Qc7 12. dxc6 Bxc6 13. axb5 Bb7 14. Be2 e6 15.
O-O Bc5 16. Bxc5 Qxc5 17. Nd2 Nb6 18. Qa2 O-O 19. Nxc4 Bxe4 20. Nxb6 axb6 21.
Qb2 Rxa1 22. Rxa1 Rd8 23. Bf1 h6 24. Re1 Bb7 25. c4 Rd4 26. h3 Qd6 27. Qc3 Rd2
28. Qe3 Qd4 29. Qxd4 Rxd4 30. Rc1 Rd8 31. c5 bxc5 32. Rxc5 Rc8 33. Rxc8+ Bxc8
34. g3 e5 35. Bg2 e4 36. Bxe4 Bxh3 37. b6 Bc8 38. b7 Bxb7 39. Bxb7 Kf8 40. Kg2
Ke7 41. Kf3 f5 42. Bc8 Kf6 43. Kg2 g5 44. Ba6 Ke5 45. Bd3 Kf6 46. Be2 Kg6 47.
Bd1 g4 48. Ba4 Kg5 49. Bd7 h5 50. Bc8 Kg6 51. Bd7 Kg5 52. Be8 h4 53. Bd7 hxg3
54. Kxg3 f4+ 55. Kg2 Kh4 56. Kg1 Kg5 57. Bc6 Kh4 58. Kg2 Kg5 59. Kf1 Kh4 60.
Bd7 f3 61. Kg1 g3 1/2-1/2

[Event "PAR-ch Mayor"]
[Site "Asuncion"]
[Date "1999.09.18"]
[Round "4"]
[White "Cubas, Jose Fernando"]
[Black "Sosa Harrison, Jorge"]
[Result "1/2-1/2"]
[WhiteElo "2198"]
[BlackElo "2260"]
[PlyCount "120"]
[EventDate "1999.09.??"]
[EventType "swiss"]
[EventRounds "11"]
[EventCountry "PAR"]
[SourceTitle "EXT 2001"]
[Source "ChessBase"]
[SourceDate "2000.11.22"]
[SourceVersion "1"]
[SourceVersionDate "2000.11.22"]
[SourceQuality "1"]

1. e4 c5 2. Nc3 Nc6 3. f4 e6 4. Nf3 d5 5. Bb5 Nge7 6. exd5 Nxd5 7. Bxc6+ bxc6
8. d3 Nxc3 9. bxc3 c4 10. d4 c5 11. Be3 cxd4 12. Bxd4 Be7 13. Qe2 O-O 14. O-O
Bb7 15. Rfd1 Bxf3 16. Qxf3 Qa5 17. Qg4 g6 18. Qe2 Bc5 19. Qxc4 Rfc8 20. Rab1
Bb6 21. Qb4 Qxa2 22. Bxb6 axb6 23. Rb2 Qc4 24. Qxc4 Rxc4 25. Rxb6 Rxf4 26. g3
Rc4 27. Rb3 Rac8 28. Rd3 e5 29. Kf2 e4 30. Re3 f5 31. h4 Kg7 32. Ke2 Kf6 33.
Kd2 h6 34. Rb4 g5 35. hxg5+ hxg5 36. g4 fxg4 37. Rxe4 Rxe4 38. Rxe4 Kf5 39. Rd4
g3 40. Ke2 Rxc3 41. Rd3 Rxc2+ 42. Kf3 g2 43. Rd5+ Kg6 44. Rd1 Kh5 45. Kg3 Rd2
46. Rc1 g1=Q+ 47. Rxg1 Rd3+ 48. Kf2 Kh4 49. Ra1 Kg4 50. Kg2 Rd2+ 51. Kg1 Re2
52. Ra3 Kf4 53. Rb3 Re3 54. Rxe3 Kxe3 55. Kg2 Kf4 56. Kf2 g4 57. Kg2 g3 58. Kg1
Kf3 59. Kf1 g2+ 60. Kg1 Kg3 1/2-1/2

[Event "PAR-ch Mayor"]
[Site "Asuncion"]
[Date "1999.09.19"]
[Round "6"]
[White "Cubas, Jose Fernando"]
[Black "Bergonzi, Osvaldo"]
[Result "1-0"]
[WhiteElo "2198"]
[BlackElo "2180"]
[PlyCount "37"]
[EventDate "1999.09.??"]
[EventType "swiss"]
[EventRounds "11"]
[EventCountry "PAR"]
[SourceTitle "EXT 2001"]
[Source "ChessBase"]
[SourceDate "2000.11.22"]
[SourceVersion "1"]
[SourceVersionDate "2000.11.22"]
[SourceQuality "1"]

1. e4 d6 2. d4 g6 3. Nc3 Nf6 4. f4 Bg7 5. Nf3 O-O 6. Be3 c5 7. dxc5 Qa5 8. Bd3
Ng4 9. Bd2 Qxc5 10. Qe2 Nc6 11. h3 Nf6 12. a3 Qb6 13. O-O-O e5 14. Be3 Qc7 15.
fxe5 dxe5 16. Bc4 Nh5 17. Qf2 a6 18. Nd5 Qb8 19. Bb3 1-0

[Event "PAR-ch Mayor"]
[Site "Asuncion"]
[Date "1999.09.19"]
[Round "7"]
[White "Gamarra Caceres, Carlos"]
[Black "Cubas, Jose Fernando"]
[Result "1-0"]
[WhiteElo "2322"]
[BlackElo "2198"]
[PlyCount "61"]
[EventDate "1999.09.??"]
[EventType "swiss"]
[EventRounds "11"]
[EventCountry "PAR"]
[SourceTitle "EXT 2001"]
[Source "ChessBase"]
[SourceDate "2000.11.22"]
[SourceVersion "1"]
[SourceVersionDate "2000.11.22"]
[SourceQuality "1"]

1. d4 d5 2. c4 c6 3. Nc3 Nf6 4. Bg5 dxc4 5. a4 Na6 6. e4 Nb4 7. Bxc4 Qxd4 8.
Qe2 Nc2+ 9. Qxc2 Qxc4 10. Nge2 h6 11. b3 Qa6 12. Bf4 g6 13. Rd1 Bg7 14. Qd2 Be6
15. Nd4 O-O-O 16. Qc2 Ng4 17. Ncb5 Be5 18. Bxe5 Nxe5 19. O-O Kb8 20. Nxe6 fxe6
21. Qc5 Nd3 22. Rxd3 cxb5 23. Qe5+ Ka8 24. Rfd1 Qb6 25. Qxb5 Rxd3 26. Qxd3 Rf8
27. Qd4 Qxd4 28. Rxd4 Kb8 29. b4 Kc8 30. Kf1 Rf4 31. g3 1-0

[Event "PAR-ch Mayor"]
[Site "Asuncion"]
[Date "1999.09.25"]
[Round "9"]
[White "Cubas, Jose Fernando"]
[Black "Peralta, Eduardo"]
[Result "1/2-1/2"]
[WhiteElo "2198"]
[BlackElo "2321"]
[PlyCount "56"]
[EventDate "1999.09.??"]
[EventType "swiss"]
[EventRounds "11"]
[EventCountry "PAR"]
[SourceTitle "EXT 2001"]
[Source "ChessBase"]
[SourceDate "2000.11.22"]
[SourceVersion "1"]
[SourceVersionDate "2000.11.22"]
[SourceQuality "1"]

1. e4 c5 2. Nc3 Nc6 3. f4 e6 4. Nf3 d5 5. Bb5 Nge7 6. Ne5 Bd7 7. exd5 Nxd5 8.
Bxc6 Bxc6 9. Nxc6 bxc6 10. O-O Be7 11. d3 O-O 12. Ne4 f5 13. Ng3 Bf6 14. Rb1 c4
15. Qe2 cxd3 16. Qxe6+ Kh8 17. cxd3 Qb6+ 18. Kh1 Rae8 19. Qxf5 Nb4 20. Qg4 Nxd3
21. Qf3 Qa6 22. b3 Ne1 23. Qd1 Qxa2 24. Bb2 Bxb2 25. Rxe1 Bc3 26. Re2 Rxe2 27.
Nxe2 Bf6 28. Ng3 c5 1/2-1/2

[Event "PAR-ch Mayor"]
[Site "Asuncion"]
[Date "1999.09.26"]
[Round "10"]
[White "Cubas, Jose Fernando"]
[Black "Kropff, Ricardo"]
[Result "0-1"]
[WhiteElo "2206"]
[BlackElo "2303"]
[PlyCount "80"]
[EventDate "1999.09.??"]
[EventType "swiss"]
[EventRounds "11"]
[EventCountry "PAR"]
[SourceTitle "EXT 2002"]
[Source "ChessBase"]
[SourceDate "2001.11.25"]
[SourceVersion "1"]
[SourceVersionDate "2001.11.25"]
[SourceQuality "1"]

1. e4 c5 2. Nc3 Nc6 3. f4 g6 4. Nf3 Bg7 5. Bb5 d6 6. Bxc6+ bxc6 7. d3 Nf6 8.
O-O O-O 9. h3 Rb8 10. Qe1 Ne8 11. Qh4 f5 12. exf5 gxf5 13. g4 Qd7 14. g5 Nc7
15. Re1 Ne6 16. g6 h6 17. Ng5 Rf6 18. Kh1 Rxg6 19. Nxe6 Rxe6 20. Rg1 Qe8 21. b3
Rg6 22. Bb2 Kh7 23. Rxg6 Qxg6 24. Rg1 Bf6 25. Qe1 Qf7 26. Nd1 Bd7 27. Qe2 e5
28. fxe5 dxe5 29. Ne3 Re8 30. Qf2 Qh5 31. Kh2 Bg5 32. Rg2 Re7 33. Kg1 Bf4 34.
Nf1 Qxh3 35. Qxc5 Qh4 36. Qd6 Bg5 37. Bxe5 Rxe5 38. Qxe5 Bf6 39. Qh2 Qd4+ 40.
Kh1 Qa1 0-1

[Event "PAR-ch Mayor"]
[Site "Asuncion"]
[Date "1999.09.26"]
[Round "11"]
[White "Cubas, Jose Fernando"]
[Black "Ferreira, Oscar Vieira"]
[Result "1-0"]
[WhiteElo "2206"]
[BlackElo "2125"]
[PlyCount "49"]
[EventDate "1999.09.??"]
[EventType "swiss"]
[EventRounds "11"]
[EventCountry "PAR"]
[SourceTitle "EXT 2002"]
[Source "ChessBase"]
[SourceDate "2001.11.25"]
[SourceVersion "1"]
[SourceVersionDate "2001.11.25"]
[SourceQuality "1"]

1. e4 c5 2. Nc3 Nc6 3. f4 g6 4. Nf3 Bg7 5. Bb5 Nd4 6. Bd3 d6 7. Nxd4 cxd4 8.
Ne2 Nf6 9. O-O O-O 10. Qe1 e5 11. c3 dxc3 12. dxc3 d5 13. fxe5 Nxe4 14. Bxe4
dxe4 15. Ng3 Bxe5 16. Nxe4 f5 17. Ng5 Bf6 18. Qh4 Qb6+ 19. Kh1 Bxg5 20. Bxg5
Be6 21. Rad1 Rae8 22. Bh6 Rf7 23. b4 Qc6 24. Qd4 b5 25. Rfe1 {..} 1-0